| 000 | 00663nam a22002055i 4500 | ||
|---|---|---|---|
| 001 | 98856 | ||
| 003 | ES-MaACL | ||
| 005 | 20230906182408.0 | ||
| 007 | t| | ||
| 008 | 950915s1879 sp ||||1| spa d | ||
| 040 |
_aCAM _bspa _cCAM |
||
| 080 | _a821.134.2-23"18" | ||
| 100 | 1 |
_aEchegaray, José, _d1832-1916 _946526 |
|
| 245 | 1 | 0 |
_aLo que no puede decirse _b: drama en tres actos y en prosa (segunda parte de la trilogía) / _cpor José Echegaray. |
| 250 | _a2ª ed. | ||
| 260 |
_aMadrid : _b[s.n.], _c1879 ( _fImpr. de José Rodríguez) |
||
| 300 |
_a90 p. ; _c20 cm. |
||
| 852 |
_aES-MaACL _jB-3094(5) _z.- Enc. en un vol. facticio |
||
| 999 |
_c98856 _d98856 |
||